000 00512nam a2200181Ia 4500
005 20250508152604.0
008 008 250505s9999 xx 000 0 hin d
037 _aTextual
040 _aFEDL
_beng
_cFEDL
041 _ahin
_2hin
084 _a915.91, RAV
_qFEDL
100 _aRav Uma
245 0 _aIndoneshia: Indoneshia ka bhogolik awam samajik parichya
260 _aDelhi, India
_bRajkamal Prakashan
_c1958
300 _a76p.
942 _cTEXL
_h915.91, RAV
999 _c1337439
_d1337439